000 01489nam a2200241Ia 4500
003 Ost
005 20260507074958.0
008 260507s9999||||xx |||||||||||||| ||und||
020 _a9957114050
040 _cfsecg
041 _aara
082 _a658
100 _aعباس، سهيلة
_eمؤلف
245 0 _aالقيادة الابتكارية والأداء المتميز :
_bحقيبة تدريبية لتنمية الإبداع الإداري /
_c سهيلة عباس
260 _aعمان:
_bدار وائل للنشر والتوزيع,
_c2004
300 _a194 صفحة؛
_bإيضاحات ؛
_c22 سم
504 _aببليوغرافيا:ص.193-194
520 _aالمقومات المنطقية للقيادة الابتكارية،نظريات ونماذج القادة،القيادة وداينميكية العمل الجماعي،أسس القيادة الفعالة لفرق العمل،حالات حول جماعات وفرق العمل،مقومات الأداء المتميز للأفراد والمنظمات،حالات عن الأداء المتميز والابداعي،المسؤولية والقوة والقدرة لقيادته،التمييز والجودة،منظمات التعلم والابداع،مهارات التخطيط الاستراتيجي والإبداع،الجودة ورضا الزبائن
653 _aإدارة الأفراد
653 _aالادارة
653 _aالتنمية الادارية
942 _cكتاب
999 _c42049
_d42049